00502ntaaa2200169 45000030003000000050017000030080021000200400037000410820017000781000024000952450037001192500010001562600065001663000015002315000060002466500026003060120251027202326.00714s1973 ag 01  aAR-BaBNbspacAR-BaBNeaacrdRIC a290.0400 K64 aKitagawa, Joseph M  aModern trends in world religions a1 ed. aLa Salle, Illinois : bOpen Court Publishing Company, c1959 axiv, 286 p aPapers given at the Paul Carus Memorial Symposium, 1957 areligiones comparadas